| 000 | 00000nam##2200000za#4500 |
| 001 | 9.699397 |
| 003 | CaOODSP |
| 005 | 20250506145324 |
| 007 | cr ||||||||||| |
| 008 | 150407|1978||||xxc|||||o f|0| 0 eng|d |
| 040 | |aCaOODSP|beng |
| 043 | |an-cn--- |
| 086 | 1 |aA53-1666/1978E-PDF |
| 110 | 1 |aCanada.|bAgriculture Canada. |
| 245 | 10|aImproved spread of straw during combining |h[electronic resource] |
| 260 | |aOttawa - Ontario : |bAgriculture Canada |c1978. |
| 300 | |a12p.|bfigs., photographs |
| 500 | |aHistorical publication digitized by Agriculture and Agri-Food Canada. |
| 590 | |a14-11-Supp|b2014-05-21 |
| 690 | 07|aCereals|2gcpds |
| 690 | 07|aHarvest|2gcpds |
| 775 | 08|tAmélioration de la dispersion de la paille chez la moissonneuse-batteuse |w(CaOODSP)9.643385 |
| 856 | 40|ahttp://publications.gc.ca|qPDF|s1,001 KB|uhttps://publications.gc.ca/collections/collection_2014/aac-aafc/agrhist/A53-1666-1978-eng.pdf |
| 986 | |a1666 |